000 01613nam a2200385 a 4500
001 25592
003 CO-ViMGA
008 141112s2004 ck r 000 u spa d
020 _a9789587590050
040 _aCO-ViMGA
_bspa
_cCO-ViMGA
041 _aSPA
090 _aN EXT2
245 1 0 _aExtraños casos para lectores escasos /
_ccompiladoras Norma Constanza Idárraga Hernández, Mónica López Echeverry ; ilustraciones Óscar Darío Villota Cuásquer, Paola López ; traductores Margarita Arias... [et al.]
250 _a2a ed.
260 _aManizales :
_bUniversidad de Caldas,
_c2012
300 _a374 p. : il. col.
490 _aLuminautas
650 1 4 _aCARTAS - COLECCIONES
_939187
650 1 4 _aCUENTOS - COLECCIONES
_919715
650 1 4 _aENSAYOS LITERARIOS - COLECCIONES
_939188
650 1 4 _aNOVELA ESTADOUNIDENSE - SIGLO XIX
_939189
700 1 _aArias, Margarita
_939190
700 1 _aChesterton, G. K.
_939191
700 1 _aDickens, Charles
_916291
700 1 _aHenry, O
_939192
700 1 _aIdárraga Hernández, Norma Constanza López Echeverry, Mónica
_939193
700 1 _aLeftwich, Adrian
_939194
700 1 _aRenard, Jules
_939195
700 1 _aSaldarriaga, Francisco Javier
_939196
700 1 _aStevenson, Robert Louis
_915850
700 1 _aStevenson, Robert Louis, 1850 - 1894 Renard, Jules Dickens, Charles, 1812 - 1870 Henry, O Chesterton, G. K. Wilde, Oscar, 1854 - 1900 Leftwich, Adrian Arias, Margarita Saldarriaga, Francisco Javier
_939197
700 1 _aVillota, Óscar Darío López, Paola
_939198
700 1 _aWilde, Oscar
_98169
942 _2ddc
_cBK
999 _c5166
_d5166